| 000 | 004690000a22001810004500 | ||
|---|---|---|---|
| 003 | MACL | ||
| 005 | 20151023154614.0 | ||
| 008 | 151023b xxu||||| |||| 00| 0 eng d | ||
| 040 |
_aMACL _cMACL |
||
| 041 | _aEnlgish | ||
| 082 | _a954/JHA | ||
| 100 |
_aJha, D.C. _916520 |
||
| 245 | _aMahatma Gandhi The Congress And Thr Partition Of India | ||
| 260 |
_bSanchar Publishing House _c1995 _aNew Delhi |
||
| 350 | _a150 | ||
| 650 |
_aHistory _916521 |
||
| 942 |
_cBK _k954 _2ddc |
||
| 999 |
_c2309 _d2309 |
||